00514nam a2200157Ia 45000010006000000050017000060080041000230410008000640820016000721000029000882450186001172600009003033000028003126500008003406540008003481636420260306170304.0260306t2016||||xx |||||||||||||| ||und|| aESP a348.54bP42 aPeña Neira, SegioeAUT 0aLos recursos genéticos de animales, plantas y microorganismos y su regulación iternacional y comparada:bpropiedad intelectual, soberanía y división equitativa de beneficios c2016 a661 páginas :c23 cm. aGEN aCDE